00560nam a2200193Ia 4500008004100000020001800041082000800059100002800067245004300095250000600138260002500144300001500169500002400184650001600208700002800224942000700252952009000259999001700349230524s9999 xx 000 0 und d a9789352601738 bBAN aColin N. Banwell942432 0aFundamental of Molecular Spectroscopy a4 aNew DelhibTMHc2016 a"IX,301p;" aQuantity Number: 1 aElectronics aElaine M. McCash942433 cBK 00104070aTATCLbTATCLcGENd2023-05-24l0o BANp53979r2023-05-24w2023-05-24yBK c56717d56717